Mots en V par définition - Statistiques

Statistiques générales
  • Ce quiz a été pris 309 fois
  • Le résultat moyen est 16 sur 20
Statistiques - réponses
Genre Définition Mot % Correct
Nom Féminin Femelle reproductrice de l'espèce bovine. Vache
99%
Nom Féminin Pièce de casque qui se hausse et se baisse à volonté devant le visage. Visière
95%
Nom Féminin Serpent venimeux solénoglyphe, vivipare des régions chaudes et tempérées froides de l'Ancien Monde. Vipère
94%
Nom Féminin Remplacement de l'huile usée d'un moteur thermique par de l'huile neuve. Vidange
92%
Nom Masculin Action de se rendre dans un lieu relativement lointain ou étranger ; séjour ou périple ainsi fait. Voyage
90%
Nom Féminin Maladie infectieuse contagieuse, due à un herpès, atteignant surtout les enfants, caractérisée par une éruption cutanée de vésicules. Varicelle
88%
Nom Féminin Maison de plaisance située dans un lieu de villégiature. Villa
88%
Nom Féminin Récolte du raisin destiné à produire du vin ; le raisin récolté. Vendange
85%
Nom Féminin Faculté d'émettre des sons, en parlant de l'homme ; ensemble des sons produits par les vibrations périodiques des cordes vocales. Voix
85%
Nom Masculin Organe circulaire sur lequel le conducteur d'un véhicule routier, le pilote d'un bateau à moteur agit pour guider le véhicule. Volant
83%
Nom Masculin Changement de direction d'un véhicule, de quelqu'un, de quelque chose. Virage
80%
Nom Masculin Jeune homme qui était choisi par une jeune fille le jour de la Saint-Valentin, et qui était tenu, à cette occasion, de lui offrir des présents. Valentin
79%
Nom Masculin Nom commun à divers oiseaux rapaces charognards diurnes, au plumage terne, à la tête et au cou déplumé, au bec puissant, aux ailes longues et larges. Vautour
79%
Nom Féminin Véhicule susceptible de conduire, porter ou transporter des personnes ou des marchandises. Voiture
79%
Nom Masculin Ensemble d'une piste (couverte ou non) réservée à la compétition cycliste et des installations attenantes (tribunes, vestiaires, etc.). Vélodrome
76%
Nom Masculin Groupement d'habitations permanentes, dont la majeure partie de la population est engagée dans le secteur agricole. Village
72%
Nom Masculin Composition translucide faite de pièces de verre, en général colorées, assemblées à l'aide de plombs et d'une armature de fer ou à l'aide d'un ciment, et servant à clore une baie, voire à créer une vaste paroi lumineuse et décorative. Vitrail
66%
Nom Masculin Substance minérale fabriquée, transparente et isotrope. Verre
64%
Nom Féminin Administration qui a pour objet l'établissement, la conservation, l'entretien et l'alignement de toutes les voies de communication affectées à la circulation publique. Voirie
64%
Nom Masculin Légère ondulation du son produite sur les instruments de musique (cordes ou vents) ou avec la voix. Vibrato
54%
Aucun quiz correspondant
Distribution des résultats
% des personnes avec chaque résultat
Percentile par nombre de réponses
Votre historique - résultats
Vous n’avez pas pris ce quiz